000 00903nam0a22002651 4500
001 v19\rc\1286665
005 20060306184756.3
035 _a(NLR Aleph) 004435441
090 _a4327172
_c4327172
100 _a20060306d1848 |||y0rusy50 ca
101 0 _arus
102 _aRU
105 _ay z |||||
200 1 _aСказание о празднике святого князя Бориса под Переяславом
_fСоч. Михаилом Максимовичем
210 _aКиев
_cтип. И.К. Вальпера
_d1848
215 _a[2], 21 с.
700 1 _aМаксимович
_bМ. А.
_f1804-1873
_gМихаил Александрович
702 0 _aБорис
_cсв., князь
_f-1075
_4570
801 0 _aRU
_bNLR
_gpsbo
801 0 _aRU
_bRuMoRGB
_2psbo
801 1 _aRU
_bProSoft-M
_2rusmarc
852 _aNLR
_j18.123.3.185
899 _aГПИБ
942 _cBOOK
980 _aNB